| 000 | 00451nam a2200157 a 4500 | ||
|---|---|---|---|
| 001 | 000031887 | ||
| 005 | 20200930063246.0 | ||
| 008 | 110707s19? dr 000 0 spa d | ||
| 040 |
_aDO-SdBNP _bspa _bBNPHU |
||
| 082 |
_axxx _bG887d |
||
| 100 | 1 |
_aGrullón, Ruddy _911028 |
|
| 245 | 1 | 0 |
_aDuarte fundador de la república / _cRuddy Grullón. |
| 260 |
_a[Santo Domingo] : _b[Instituto Duartiano], _c[19--?]. |
||
| 300 |
_a14 p. ; _c21 cm. |
||
| 049 | _aBNPD | ||
| 999 |
_c31378 _d31378 |
||